000 00984nam0a22002891 4500
001 v19\rc\1553129
005 20250618194544.0
035 _a(NLR Aleph) 004683614
090 _a3840887
_c3840887
100 _a20060620d1890 |||y0rusy50 ca
101 0 _arus
102 _aRU
105 _aab z |||||
200 1 _aВоспоминание о Константинополе
_eИз дневника сибирячки
_eПутеводитель по Константинополю и его окрестностям
_fА.П. Витман
210 _aОдесса
_cтипо-лит. "Пчелки"
_d1890
215 _a64 с., 9 л. ил., карт.
_d28
607 _aКонстантинополь
700 1 _aВитман
_bА.П.
801 0 _aRU
_bNLR
_gpsbo
801 0 _aRU
_bRuMoRGB
_2psbo
801 1 _aRU
_bProSoft-M
_2rusmarc
852 _aNLR
_j18.218.3.3
899 _aRuMoRGB
_jA 191/48
899 _aRuMoRGB
_jO 46/576
899 _aГПИБ
942 _cBOOK
980 _aNB